[Event "Titled Tuesday intern op 28th Dec"]
[Site "Chess.com INT"]
[Date "2021.12.28"]
[Round "1"]
[White "Sluka, Radek"]
[Black "Mitusov, Semen"]
[Result "0-1"]
[WhiteElo "2330"]
[BlackElo "2304"]
[PlyCount "36"]
[EventDate "2021.12.28"]
[EventType "swiss (blitz)"]
[EventRounds "11"]
[EventCountry "USA"]
[SourceTitle "CBM 206 Extra"]
[Source "ChessBase"]
[SourceDate "2022.03.31"]
[SourceVersion "1"]
[SourceVersionDate "2022.03.31"]
[SourceQuality "1"]

1. e4 e5 2. Nf3 Nc6 3. Bb5 a6 4. Bxc6 dxc6 5. Nc3 f6 6. d4 exd4 7. Nxd4 c5 8. Nde2 Qxd1+ 9. Nxd1 Be6 10. Bf4 0-0-0 11. Ne3 Ne7 12. h4 Nc6 13. a3 Bd6 14. 0-0-0 Rhe8 15. f3 Nd4 16. Bxd6 Nxe2+ 17. Kd2 Ng3 18. Kc3 Nxh1 0-1

[Event "Titled Tuesday intern op 28th Dec"]
[Site "Chess.com INT"]
[Date "2021.12.28"]
[Round "3"]
[White "Sluka, Radek"]
[Black "Omariev, Maksim"]
[Result "1-0"]
[WhiteElo "2330"]
[BlackElo "2304"]
[PlyCount "73"]
[EventDate "2021.12.28"]
[EventType "swiss (blitz)"]
[EventRounds "11"]
[EventCountry "USA"]
[SourceTitle "CBM 206 Extra"]
[Source "ChessBase"]
[SourceDate "2022.03.31"]
[SourceVersion "1"]
[SourceVersionDate "2022.03.31"]
[SourceQuality "1"]

1. e4 c5 2. Nf3 d6 3. d4 cxd4 4. Nxd4 Nf6 5. Nc3 a6 6. h3 e6 7. g4 Be7 8. Bg2 Nfd7 9. 0-0 Qc7 10. a4 b6 11. Be3 Bb7 12. f4 g6 13. f5 gxf5 14. gxf5 e5 15. Nde2 Nf6 16. Nd5 Bxd5 17. exd5 Nbd7 18. a5 b5 19. c4 Qxc4 20. Rc1 Qb3 21. Qd2 0-0 22. Rc3 Qb4 23. Bh6 Qh4 24. Rg3+ Qxg3 25. Nxg3 Kh8 26. Bxf8 Bxf8 27. Rc1 Nc5 28. Qg5 Be7 29. b4 Ncd7 30. Qe3 Rg8 31. Kh2 Ne8 32. Rc8 Bg5 33. Qa7 Ndf6 34. Kh1 Bf4 35. Ne4 Nxe4 36. Bxe4 Be3 37. Qxe3 1-0

[Event "EU-Cup Online Gr-D"]
[Site "Tornelo INT"]
[Date "2021.03.28"]
[Round "7.4"]
[White "Guliyev, Namig"]
[Black "Sluka, Radek"]
[Result "1-0"]
[WhiteElo "2538"]
[BlackElo "2324"]
[PlyCount "89"]
[EventDate "2021.03.27"]
[EventType "team-tourn (rapid)"]
[EventRounds "9"]
[EventCountry "NET"]
[SourceTitle "CBM 201 Extra"]
[Source "ChessBase"]
[SourceDate "2021.05.31"]
[SourceVersion "1"]
[SourceVersionDate "2021.05.31"]
[SourceQuality "1"]
[WhiteTeam "Chartres"]
[BlackTeam "Brno Moravska Slavia II"]
[WhiteTeamCountry "FRA"]
[BlackTeamCountry "CZE"]

1. e4 c5 2. Nf3 d6 3. Bb5+ Nd7 4. d4 cxd4 5. Qxd4 e5 6. Qd3 a6 7. Bxd7+ Bxd7 8. c4 h6 9. Nc3 Rc8 10. 0-0 Nf6 11. b3 g5 12. Rd1 g4 13. Nh4 Qa5 14. Bd2 Qc7 15. a4 Be7 16. a5 Rd8 17. Be3 Qc6 18. Rac1 Be6 19. Bb6 Rd7 20. Nd5 Nxe4 21. Ng6 fxg6 22. Qxe4 Bf5 23. Qe2 Bg5 24. Be3 Bd8 25. b4 g5 26. b5 Qc8 27. bxa6 bxa6 28. c5 0-0 29. cxd6 Qa8 30. Ne7+ Bxe7 31. dxe7 Rxd1+ 32. Rxd1 Re8 33. Bc5 Qe4 34. Qxe4 Bxe4 35. Re1 Bd3 36. Rxe5 Kf7 37. h3 gxh3 38. gxh3 Bb5 39. Rf5+ Ke6 40. Rf8 Kd5 41. Ba3 Ke6 42. h4 gxh4 43. f4 Bd7 44. f5+ Ke5 45. f6 1-0

[Event "EU-Cup Online Gr-D"]
[Site "Tornelo INT"]
[Date "2021.03.27"]
[Round "2.4"]
[White "Sluka, Radek"]
[Black "Erdogmus, Yagiz Kaan"]
[Result "0-1"]
[WhiteElo "2324"]
[BlackElo "1955"]
[PlyCount "66"]
[EventDate "2021.03.27"]
[EventType "team-tourn (rapid)"]
[EventRounds "9"]
[EventCountry "NET"]
[SourceTitle "CBM 201 Extra"]
[Source "ChessBase"]
[SourceDate "2021.05.31"]
[SourceVersion "1"]
[SourceVersionDate "2021.05.31"]
[SourceQuality "1"]
[WhiteTeam "Brno Moravska Slavia II"]
[BlackTeam "Bursa Buyuksehir"]
[WhiteTeamCountry "CZE"]
[BlackTeamCountry "TUR"]

1. e4 c5 2. Nc3 e6 3. Nf3 Nc6 4. d4 cxd4 5. Nxd4 Nf6 6. g3 Bb4 7. Bg2 0-0 8. 0-0 d6 9. Nxc6 bxc6 10. Qd3 a5 11. Rd1 Ba6 12. Qf3 d5 13. a3 Be7 14. Bf4 Nd7 15. Re1 Bf6 16. h4 Qb6 17. e5 Be7 18. b3 c5 19. h5 c4 20. Qg4 Bc5 21. Bh6 Bxf2+ 22. Kh2 g6 23. Bxf8 Bxe1 24. Rxe1 Nxf8 25. bxc4 Bxc4 26. Qf4 gxh5 27. Be4 dxe4 28. Nxe4 Ng6 29. Qh6 Kh8 30. Rg1 Bd5 31. Rf1 Qc7 32. Ng5 Qxc2+ 33. Kh3 Qg2# 0-1

[Event "Titled Tuesday intern op 01st Dec"]
[Site "Chess.com INT"]
[Date "2020.12.01"]
[Round "1"]
[White "Sluka, Radek"]
[Black "Khademalsharieh, Sarasadat"]
[Result "0-1"]
[WhiteElo "2324"]
[BlackElo "2494"]
[PlyCount "86"]
[EventDate "2020.12.01"]
[EventType "swiss (blitz)"]
[EventRounds "11"]
[EventCountry "USA"]
[SourceTitle "CBM 199 Extra"]
[Source "ChessBase"]
[SourceDate "2021.01.31"]
[SourceVersion "1"]
[SourceVersionDate "2021.01.31"]
[SourceQuality "1"]

1. e4 e5 2. Nf3 Nc6 3. Bb5 a6 4. Bxc6 dxc6 5. Nc3 f6 6. d4 exd4 7. Nxd4 c5 8. Nde2 Qxd1+ 9. Nxd1 Bd6 10. Bf4 Bxf4 11. Nxf4 Bd7 12. Ne3 0-0-0 13. 0-0-0 Ne7 14. f3 Rhe8 15. Rd2 g5 16. Nfd5 Nxd5 17. Nxd5 f5 18. Rhd1 fxe4 19. Nf6 e3 20. Rxd7 Rxd7 21. Nxe8 Rf7 22. Re1 g4 23. Rxe3 h5 24. fxg4 hxg4 25. h4 Kd7 26. g3 Kd8 27. Kd2 Rf2+ 28. Kc3 Rf3 29. Rxf3 gxf3 30. Kd3 Kxe8 31. Ke3 b5 32. Kxf3 a5 33. Ke4 c6 34. g4 a4 35. h5 c4 36. Kd4 Ke7 37. Kc5 Kf6 38. c3 Kg5 39. Kxc6 b4 40. Kc5 a3 41. h6 Kxh6 42. Kxc4 axb2 43. cxb4 b1Q 0-1

[Event "Titled Tuesday intern op 24th Nov"]
[Site "Chess.com INT"]
[Date "2020.11.24"]
[Round "5"]
[White "Sluka, Radek"]
[Black "Hartikainen, Jarmo"]
[Result "0-1"]
[WhiteElo "2324"]
[BlackElo "2142"]
[PlyCount "96"]
[EventDate "2020.11.24"]
[EventType "swiss (blitz)"]
[EventRounds "11"]
[EventCountry "USA"]
[SourceTitle "CBM 199 Extra"]
[Source "ChessBase"]
[SourceDate "2021.01.31"]
[SourceVersion "1"]
[SourceVersionDate "2021.01.31"]
[SourceQuality "1"]

1. e4 c5 2. Nc3 Nc6 3. f4 e6 4. Bc4 a6 5. a4 d6 6. Nf3 Nf6 7. d3 d5 8. Bb3 dxe4 9. dxe4 Qxd1+ 10. Kxd1 Be7 11. e5 Ng4 12. Ke2 Bd7 13. h3 Nh6 14. g4 0-0-0 15. Be3 f6 16. exf6 gxf6 17. Ne4 b6 18. a5 Nxa5 19. Nxc5 Bxc5 20. Bxc5 Nxb3 21. cxb3 bxc5 22. Rhc1 Bb5+ 23. Kf2 Rd5 24. b4 Kb7 25. bxc5 Rc8 26. b4 e5 27. fxe5 fxe5 28. Re1 Nf7 29. Re4 Bc6 30. Re3 Rf8 31. Kg3 e4 32. Nh4 Rd3 33. Rae1 Rfd8 34. Nf5 Rxe3+ 35. Nxe3 Rd4 36. Rb1 Ne5 37. Kf4 Nd3+ 38. Kf5 Rxb4 39. Rf1 Rb5 40. Ke6 Rxc5 41. Kd6 Rc1 42. Rf7+ Kb6 43. Rxh7 a5 44. Rc7 a4 45. g5 a3 46. g6 a2 47. g7 a1Q 48. g8Q Qe5# 0-1

[Event "Titled Tuesday intern op 24th Nov"]
[Site "Chess.com INT"]
[Date "2020.11.24"]
[Round "8"]
[White "Sluka, Radek"]
[Black "Kairbekova, Amina"]
[Result "0-1"]
[WhiteElo "2324"]
[BlackElo "2065"]
[PlyCount "162"]
[EventDate "2020.11.24"]
[EventType "swiss (blitz)"]
[EventRounds "11"]
[EventCountry "USA"]
[SourceTitle "CBM 199 Extra"]
[Source "ChessBase"]
[SourceDate "2021.01.31"]
[SourceVersion "1"]
[SourceVersionDate "2021.01.31"]
[SourceQuality "1"]

1. f4 g6 2. Nf3 Bg7 3. e4 Nf6 4. Nc3 d6 5. d4 0-0 6. e5 dxe5 7. fxe5 Nd5 8. Bc4 c6 9. 0-0 Bg4 10. Ne4 Nb6 11. Bb3 Na6 12. c3 Qd7 13. h3 Bxf3 14. Qxf3 Nd5 15. Qg3 Rad8 16. Qh4 b6 17. Bh6 Nac7 18. Ng5 f6 19. Bxg7 fxg5 20. Qh6 Rxf1+ 21. Rxf1 Ne6 22. Bh8 Qe8 23. c4 Ndf4 24. g3 Ne2+ 25. Kh2 N2xd4 26. Bf6 exf6 27. exf6 Qf7 28. Bd1 Nf5 29. Rxf5 gxf5 30. Bh5 Rd2+ 31. Kg1 Rd1+ 32. Bxd1 Qg6 33. Qh5 Qxh5 34. Bxh5 Nd4 35. Kf2 Kf8 36. Ke3 Nc2+ 37. Kd2 Nd4 38. Kd3 c5 39. b4 Ne6 40. bxc5 bxc5 41. Kc3 Nd4 42. Kb2 f4 43. gxf4 gxf4 44. Kc3 Nf5 45. Kd3 Ng3 46. Bg4 Kf7 47. a4 Kxf6 48. a5 Ke5 49. a6 Ne4 50. Bf3 Ng5 51. Bg4 h5 52. Bxh5 Nxh3 53. Be8 Nf2+ 54. Ke2 Ne4 55. Bc6 Nc3+ 56. Kf3 Nb1 57. Bb7 Nd2+ 58. Kg4 Nxc4 59. Bf3 Nd6 60. Be2 c4 61. Kf3 c3 62. Bd3 Nc8 63. Ke2 Nb6 64. Bc2 Kd4 65. Kf3 Nd5 66. Bb1 Nb4 67. Kxf4 c2 68. Bxc2 Nxc2 69. Kf3 Nb4 70. Ke2 Nxa6 71. Kd2 Kc4 72. Kc2 Kb4 73. Kb2 Nc5 74. Ka2 a5 75. Kb2 a4 76. Ka2 a3 77. Ka1 Kb3 78. Kb1 Na6 79. Kc1 Nb4 80. Kb1 a2+ 81. Ka1 Nc2# 0-1

[Event "Titled Tuesday intern op 14th April"]
[Site "Chess.com INT"]
[Date "2020.04.14"]
[Round "3"]
[White "Dushyant, Sharma"]
[Black "Sluka, Radek"]
[Result "1-0"]
[WhiteElo "2270"]
[BlackElo "2317"]
[PlyCount "83"]
[EventDate "2020.04.14"]
[EventType "swiss (blitz)"]
[EventRounds "10"]
[EventCountry "USA"]
[SourceTitle "EXT 2021"]
[Source "ChessBase"]
[SourceDate "2020.10.23"]
[SourceVersion "1"]
[SourceVersionDate "2020.10.23"]
[SourceQuality "1"]

1. e4 c5 2. Nf3 Nc6 3. d4 cxd4 4. Nxd4 e5 5. Nb3 Nf6 6. Nc3 Bb4 7. Bd3 h6 8. 0-0 0-0 9. Nd5 Nxd5 10. exd5 Ne7 11. c4 d6 12. a3 Ba5 13. Nxa5 Qxa5 14. b4 Qd8 15. f4 exf4 16. Bxf4 a5 17. Qf3 axb4 18. axb4 Rxa1 19. Rxa1 Qb6+ 20. Kh1 Qxb4 21. Qg3 Nf5 22. Bxf5 Bxf5 23. Bxh6 Bg6 24. Bf4 Qxc4 25. Bxd6 Rc8 26. h4 Qxd5 27. Re1 b5 28. Bb4 Qc4 29. Bd6 b4 30. Be5 b3 31. h5 f6 32. Bxf6 Qd3 33. Qg4 Qc4 34. Qxg6 Qf7 35. Qxf7+ Kxf7 36. Be5 Rc4 37. g3 Rc2 38. Rb1 Re2 39. Bd4 Rd2 40. Bc3 Rd5 41. Rxb3 Rxh5+ 42. Kg2 1-0

[Event "Titled Tuesday intern op 14th April"]
[Site "Chess.com INT"]
[Date "2020.04.14"]
[Round "5"]
[White "Haridas, Kesavan"]
[Black "Sluka, Radek"]
[Result "1-0"]
[WhiteElo "2085"]
[BlackElo "2317"]
[PlyCount "89"]
[EventDate "2020.04.14"]
[EventType "swiss (blitz)"]
[EventRounds "10"]
[EventCountry "USA"]
[SourceTitle "EXT 2021"]
[Source "ChessBase"]
[SourceDate "2020.10.23"]
[SourceVersion "1"]
[SourceVersionDate "2020.10.23"]
[SourceQuality "1"]

1. e4 c5 2. c3 d5 3. exd5 Qxd5 4. d4 Nc6 5. Nf3 Bg4 6. Be2 e6 7. 0-0 cxd4 8. cxd4 Nf6 9. h3 Bh5 10. Nc3 Qd6 11. Be3 Be7 12. Qb3 Qb4 13. Rfd1 0-0 14. d5 exd5 15. Nxd5 Nxd5 16. Rxd5 Bg6 17. Qxb4 Bxb4 18. Rd7 b6 19. a3 Bc5 20. Bxc5 bxc5 21. Rc1 Rfe8 22. Bb5 Ne5 23. Nxe5 Rxe5 24. Rc7 a6 25. Bf1 h6 26. R7xc5 Rxc5 27. Rxc5 Rd8 28. Bxa6 Rd1+ 29. Kh2 Rd2 30. b4 Rxf2 31. Bb7 Ra2 32. Ra5 Bd3 33. Kg3 Kf8 34. Bf3 Ke7 35. Ra7+ Kf6 36. Rxf7+ Kxf7 37. Bd5+ Ke7 38. Bxa2 Bc2 39. Kf4 Ba4 40. Bc4 Bc6 41. g4 Ba4 42. h4 Kf6 43. g5+ hxg5+ 44. hxg5+ Ke7 45. Ke5 1-0

[Event "Titled Tuesday intern op 14th April"]
[Site "Chess.com INT"]
[Date "2020.04.14"]
[Round "6"]
[White "Selbes, Tarik"]
[Black "Sluka, Radek"]
[Result "0-1"]
[WhiteElo "2235"]
[BlackElo "2317"]
[PlyCount "64"]
[EventDate "2020.04.14"]
[EventType "swiss (blitz)"]
[EventRounds "10"]
[EventCountry "USA"]
[SourceTitle "EXT 2021"]
[Source "ChessBase"]
[SourceDate "2020.10.23"]
[SourceVersion "1"]
[SourceVersionDate "2020.10.23"]
[SourceQuality "1"]

1. Nf3 d5 2. g3 c6 3. Bg2 e6 4. 0-0 f5 5. c4 Nf6 6. b3 Bc5 7. Bb2 0-0 8. d3 Qe7 9. Nbd2 Ba3 10. Qc1 Bxb2 11. Qxb2 Nbd7 12. Rac1 a5 13. a3 Ne8 14. b4 axb4 15. axb4 Nb6 16. Ra1 Rb8 17. Ne5 Nc7 18. Ndf3 Bd7 19. Qd4 Nc8 20. Rfb1 Be8 21. h4 h6 22. Qe3 Nd6 23. Nd4 f4 24. Qd2 Qf6 25. Ndf3 fxg3 26. fxg3 Nf5 27. Kh2 Rd8 28. Rf1 dxc4 29. Nxc4 Qg6 30. Qe1 Qh5 31. Nce5 Ne3 32. g4 Nxg4+ 0-1

[Event "Titled Tuesday intern op 14th April"]
[Site "Chess.com INT"]
[Date "2020.04.14"]
[Round "8"]
[White "Sluka, Radek"]
[Black "Pasti, Aron"]
[Result "0-1"]
[WhiteElo "2317"]
[BlackElo "2338"]
[PlyCount "44"]
[EventDate "2020.04.14"]
[EventType "swiss (blitz)"]
[EventRounds "10"]
[EventCountry "USA"]
[SourceTitle "EXT 2021"]
[Source "ChessBase"]
[SourceDate "2020.10.23"]
[SourceVersion "1"]
[SourceVersionDate "2020.10.23"]
[SourceQuality "1"]

1. f4 d5 2. Nf3 Nc6 3. b3 Nf6 4. Bb2 g6 5. e3 Bg7 6. Bb5 0-0 7. Bxc6 bxc6 8. Ne5 Bb7 9. d3 Nd7 10. Nd2 Nxe5 11. fxe5 c5 12. 0-0 f6 13. exf6 Bxf6 14. Bxf6 exf6 15. Qg4 f5 16. Qg3 Rc8 17. Rf4 Qf6 18. Raf1 Qc3 19. Nf3 Qxc2 20. Ne5 Qc3 21. Rh4 Rf6 22. Ng4 fxg4 0-1

[Event "CZE-chT2F 1920"]
[Site "Czech Republic"]
[Date "2019.12.01"]
[Round "4.2"]
[White "Sluka, Radek"]
[Black "Neumann, Filip"]
[Result "1-0"]
[WhiteElo "2301"]
[BlackElo "2037"]
[PlyCount "151"]
[EventDate "2019.10.13"]
[EventType "team-tourn"]
[EventRounds "11"]
[EventCountry "CZE"]
[SourceTitle "EXT 2024"]
[Source "ChessBase"]
[SourceDate "2023.10.10"]
[SourceVersion "1"]
[SourceVersionDate "2023.10.10"]
[SourceQuality "1"]
[WhiteTeam "Grygov Proclient"]
[BlackTeam "Ostrava TJ Nova Hut II"]
[WhiteTeamCountry "CZE"]
[BlackTeamCountry "CZE"]

1. e4 e5 2. Nf3 Nc6 3. Bb5 Nf6 4. d3 Bc5 5. h3 0-0 6. Nc3 h6 7. Bxc6 dxc6 8. Be3 Bxe3 9. fxe3 Nh7 10. Qd2 f5 11. 0-0-0 Ng5 12. Nxe5 fxe4 13. h4 Qe8 14. hxg5 Qxe5 15. gxh6 exd3 16. hxg7 Kxg7 17. Qxd3 Bf5 18. Qd4 Rae8 19. Rhf1 Qxd4 20. Rxd4 Be6 21. Rdf4 Bf7 22. R1f3 Bg6 23. Rxf8 Rxf8 24. Rxf8 Kxf8 25. Kd2 Ke7 26. Ne2 Kf6 27. c3 Kg5 28. Nf4 Bb1 29. a3 Kg4 30. Ke2 Kg3 31. Kf1 Be4 32. Kg1 c5 33. Ne2+ Kg4 34. Kf2 a5 35. Nf4 Kf5 36. Nh5 Bc6 37. Ng3+ Kg4 38. Nf1 b6 39. Nd2 Bb7 40. e4 Kf4 41. g3+ Kg4 42. e5 Bc6 43. e6 Kf5 44. e7 Kf6 45. Ke3 Kxe7 46. Kf4 Kf6 47. Nf3 Bd5 48. Ne5 Bg8 49. g4 Ke6 50. c4 Kf6 51. g5+ Ke6 52. Ke4 a4 53. Kf4 Bh7 54. g6 Bg8 55. Ng4 Ke7 56. Ke5 Bxc4 57. Nh6 Bd3 58. g7 Bc4 59. g8Q Bxg8 60. Nxg8+ Kd7 61. Kd5 c6+ 62. Ke5 b5 63. Nf6+ Kc7 64. Ne4 Kb6 65. Nd2 Kc7 66. Ke6 Kb6 67. Kd6 b4 68. Ke5 Kb5 69. Ke4 c4 70. Nb1 c5 71. Kd5 c3 72. bxc3 bxa3 73. Nxa3+ Kb6 74. c4 Ka6 75. Kc6 Ka5 76. Kxc5 1-0

[Event "CZE-chT2E 1819"]
[Site "Czech Republic"]
[Date "2019.03.31"]
[Round "11.3"]
[White "Sluka, Radek"]
[Black "Belunek, Vladimir"]
[Result "0-1"]
[WhiteElo "2308"]
[BlackElo "2206"]
[PlyCount "92"]
[EventDate "2018.10.14"]
[EventType "team-tourn"]
[EventRounds "11"]
[EventCountry "CZE"]
[SourceTitle "EXT 2022"]
[Source "ChessBase"]
[SourceDate "2021.10.06"]
[SourceVersion "1"]
[SourceVersionDate "2021.10.06"]
[SourceQuality "1"]
[WhiteTeam "Grygov"]
[BlackTeam "Vsetin"]
[WhiteTeamCountry "CZE"]
[BlackTeamCountry "CZE"]

1. Nc3 d5 2. e4 d4 3. Nce2 g6 4. Ng3 h5 5. Bc4 Bg7 6. d3 Nc6 7. a4 e5 8. h3 Qd6 9. Nf3 Be6 10. Bxe6 Qxe6 11. Bg5 f6 12. Bd2 Bh6 13. b4 Bxd2+ 14. Qxd2 h4 15. Ne2 g5 16. b5 Nce7 17. c3 dxc3 18. Qxc3 g4 19. Nd2 gxh3 20. Rxh3 0-0-0 21. Rc1 Rd7 22. Nb3 b6 23. a5 Kb8 24. d4 exd4 25. Nexd4 Qxe4+ 26. Re3 Qxg2 27. Nc6+ Ka8 28. Nxe7 Nxe7 29. Qxf6 Qg1+ 30. Ke2 Qg4+ 31. Rf3 Re8 32. Kf1 Red8 33. a6 Kb8 34. Qf4 Qh5 35. Nd4 Qd5 36. Re1 Qc4+ 37. Ne2 Qxb5 38. Qxh4 Nc6 39. Kg2 Qxa6 40. Ng3 Nd4 41. Rf4 Qb7+ 42. f3 Qd5 43. Rd1 Qa2+ 44. Kh3 Ne6 45. Ra4 Qb3 46. Re1 Rh7 0-1

[Event "CZE-chT 1819"]
[Site "Czech Republic"]
[Date "2019.01.12"]
[Round "5.5"]
[White "Sluka, Radek"]
[Black "Babula, Vlastimil"]
[Result "0-1"]
[WhiteElo "2308"]
[BlackElo "2522"]
[PlyCount "60"]
[EventDate "2018.11.03"]
[EventType "team-tourn"]
[EventRounds "11"]
[EventCountry "CZE"]
[SourceTitle "CBM 188 Extra"]
[Source "ChessBase"]
[SourceDate "2019.02.26"]
[SourceVersion "1"]
[SourceVersionDate "2019.02.26"]
[SourceQuality "1"]
[WhiteTeam "Brno Moravska Slavia"]
[BlackTeam "Novoborsky"]
[WhiteTeamCountry "CZE"]
[BlackTeamCountry "CZE"]

1. e4 c5 2. Nc3 Nc6 3. f4 g6 4. Nf3 Bg7 5. Bc4 e6 6. f5 gxf5 7. d3 Nge7 8. Bg5 a6 9. a4 h6 10. Bh4 Qc7 11. 0-0 f4 12. Kh1 Ng6 13. Be1 b6 14. Nh4 Nce5 15. Ne2 Bb7 16. Nxg6 Nxg6 17. Qc1 Be5 18. Bd2 f5 19. Nxf4 Nxf4 20. Bxf4 fxe4 21. dxe4 0-0-0 22. Bxe5 Qxe5 23. Qf4 Qxb2 24. Bd3 Qd4 25. Rab1 Rdf8 26. Qg3 c4 27. Be2 Bxe4 28. Rxf8+ Rxf8 29. c3 Qf2 30. Qxf2 Rxf2 0-1

[Event "CZE-chT1E 1718"]
[Site "Czech Republic"]
[Date "2018.03.04"]
[Round "9.6"]
[White "Sluka, Radek"]
[Black "Nedela, Vlastimil"]
[Result "1-0"]
[WhiteElo "2338"]
[BlackElo "2322"]
[PlyCount "93"]
[EventDate "2017.10.22"]
[EventType "team-tourn"]
[EventRounds "11"]
[EventCountry "CZE"]
[SourceTitle "EXT 2019"]
[Source "ChessBase"]
[SourceDate "2018.10.10"]
[SourceVersion "1"]
[SourceVersionDate "2018.10.10"]
[SourceQuality "1"]
[WhiteTeam "Grygov"]
[BlackTeam "Trinec"]
[WhiteTeamCountry "CZE"]
[BlackTeamCountry "CZE"]

1. e4 e5 2. Nf3 Nc6 3. Bb5 Nge7 4. c3 g6 5. 0-0 Bg7 6. d4 exd4 7. cxd4 a6 8. Bc4 b5 9. Bb3 d6 10. a4 Na5 11. Bc2 b4 12. Qe1 Rb8 13. Bg5 0-0 14. Nbd2 Re8 15. Rd1 Qd7 16. e5 d5 17. Nb3 Nxb3 18. Bxb3 Nc6 19. Rc1 h6 20. Be3 Na5 21. Bd1 Nc4 22. b3 Nxe3 23. fxe3 Rb6 24. Qf2 Rc6 25. Rxc6 Qxc6 26. Ne1 Bf5 27. g4 Be6 28. Nd3 Bf8 29. Nf4 Qd7 30. Bf3 c5 31. Qg2 Rd8 32. g5 Kh7 33. h4 hxg5 34. hxg5 Bg7 35. Rc1 cxd4 36. exd4 Qa7 37. Nxe6 fxe6 38. Qh3+ Kg8 39. Qxe6+ Qf7 40. Qxf7+ Kxf7 41. Rc7+ Kg8 42. Rc6 Kh7 43. Kf2 a5 44. Rc5 Bf8 45. Rxa5 Kg7 46. Ra7+ Kg8 47. Rc7 1-0

[Event "CZE-chT 1718"]
[Site "Czech Republic"]
[Date "2017.11.19"]
[Round "2.3"]
[White "Worek, Joanna"]
[Black "Sluka, Radek"]
[Result "1/2-1/2"]
[WhiteElo "2298"]
[BlackElo "2333"]
[PlyCount "75"]
[EventDate "2017.11.18"]
[EventType "team-tourn"]
[EventRounds "11"]
[EventCountry "CZE"]
[SourceTitle "CBM 181 Extra"]
[Source "ChessBase"]
[SourceDate "2017.12.12"]
[SourceVersion "1"]
[SourceVersionDate "2017.12.12"]
[SourceQuality "1"]
[WhiteTeam "Lysa nad Labem II"]
[BlackTeam "Brno Moravska Slavia"]
[WhiteTeamCountry "CZE"]
[BlackTeamCountry "CZE"]

1. d4 f5 2. Nf3 Nf6 3. g3 g6 4. Bg2 Bg7 5. 0-0 0-0 6. b3 Ne4 7. c4 d6 8. Bb2 Nc6 9. Nbd2 Nxd2 10. Qxd2 e5 11. dxe5 dxe5 12. Qd5+ Kh8 13. Qxd8 Rxd8 14. Ng5 Re8 15. Rfd1 e4 16. Bxg7+ Kxg7 17. Nh3 Ne5 18. f3 exf3 19. exf3 c6 20. Rd2 Be6 21. Rad1 h6 22. f4 Ng4 23. Bf3 a5 24. Re1 Kf7 25. Nf2 Nxf2 26. Kxf2 a4 27. Re3 axb3 28. axb3 Rad8 29. Rde2 Rd4 30. Ke1 Kf6 31. Ra2 g5 32. fxg5+ hxg5 33. Rd2 Rxd2 34. Kxd2 Rh8 35. Re2 f4 36. gxf4 gxf4 37. Rg2 Rd8+ 38. Kc3 1/2-1/2

[Event "CZE-chT1E 1617"]
[Site "Czech Republic"]
[Date "2017.01.08"]
[Round "5.5"]
[White "Sluka, Radek"]
[Black "Novosadova, Kristyna"]
[Result "1-0"]
[WhiteElo "2336"]
[BlackElo "2176"]
[PlyCount "83"]
[EventDate "2016.10.16"]
[EventType "team-tourn"]
[EventRounds "11"]
[EventCountry "CZE"]
[SourceTitle "CBM 177 Extra"]
[Source "ChessBase"]
[SourceDate "2017.04.27"]
[SourceVersion "1"]
[SourceVersionDate "2017.04.27"]
[SourceQuality "1"]
[WhiteTeam "Grygov"]
[BlackTeam "Frydek Mistek II"]
[WhiteTeamCountry "CZE"]
[BlackTeamCountry "CZE"]

1. e4 e5 2. Nf3 Nc6 3. Bb5 a6 4. Bxc6 dxc6 5. Nc3 Qd6 6. d4 f6 7. dxe5 fxe5 8. Bg5 Bg4 9. Qe2 Nf6 10. h3 Bh5 11. g4 Bf7 12. Bh4 Qc5 13. 0-0-0 Bd6 14. Nd2 b5 15. Nb3 Qb6 16. f4 Bc4 17. Qf3 0-0 18. Bf2 c5 19. g5 Nd7 20. f5 b4 21. Nd5 Qb5 22. Rhe1 a5 23. Kb1 a4 24. Nc1 Nb6 25. Nxb6 Qxb6 26. h4 Rfb8 27. b3 axb3 28. cxb3 Ra3 29. h5 Qa6 30. Rd2 Bf8 31. Qd1 Bb5 32. g6 Bc6 33. gxh7+ Kxh7 34. h6 c4 35. Qg4 cxb3 36. Qg6+ Kg8 37. Qe6+ Kh7 38. hxg7 Bxe4+ 39. Rxe4 bxa2+ 40. Rxa2 Qxe6 41. gxf8N+ Rxf8 42. fxe6 1-0

[Event "CZE-chT1E 1516"]
[Site "Czech Republic"]
[Date "2015.12.13"]
[Round "5.4"]
[White "Karlik, Vladimir"]
[Black "Sluka, Radek"]
[Result "1/2-1/2"]
[WhiteElo "2268"]
[BlackElo "2347"]
[PlyCount "67"]
[EventDate "2015.10.11"]
[EventType "team-tourn"]
[EventRounds "11"]
[EventCountry "CZE"]
[SourceTitle "EXT 2017"]
[Source "ChessBase"]
[SourceDate "2016.10.25"]
[SourceVersion "1"]
[SourceVersionDate "2016.10.25"]
[SourceQuality "1"]
[WhiteTeam "Kromeriz"]
[BlackTeam "Grygov"]
[WhiteTeamCountry "CZE"]
[BlackTeamCountry "CZE"]

1. e4 c5 2. Nf3 d6 3. Bb5+ Nd7 4. c3 a6 5. Bxd7+ Bxd7 6. 0-0 g6 7. d4 Bg7 8. dxc5 dxc5 9. Bf4 Bc6 10. Qe2 Nf6 11. Nbd2 0-0 12. Rfd1 Nh5 13. Be5 f6 14. Nc4 Qe8 15. Bg3 b5 16. Na5 Rc8 17. Nxc6 Rxc6 18. a4 Re6 19. Qd3 Nxg3 20. hxg3 Rd6 21. Qe2 Rxd1+ 22. Qxd1 Qc6 23. axb5 axb5 24. Ra7 Qxe4 25. Qb3+ c4 26. Qxb5 Rd8 27. Rc7 Rd1+ 28. Kh2 Bf8 29. Qxc4+ Qxc4 30. Rxc4 Rf1 31. Nd4 Rxf2 32. Ne6 Bh6 33. b4 Rb2 34. g4 1/2-1/2